Frecuencias de exposición a los principales factores biomecánicos de riesgo de desgaste profesional en mujeres y hombres de la cohorte CONSTANCES (notice n° 1638902)
[ vue normale ]
| 000 -LEADER | |
|---|---|
| fixed length control field | 02623cam a2200253 4500500 |
| 005 - DATE AND TIME OF LATEST TRANSACTION | |
| control field | 20260201013507.0 |
| 041 ## - LANGUAGE CODE | |
| Language code of text/sound track or separate title | fre |
| 042 ## - AUTHENTICATION CODE | |
| Authentication code | dc |
| 100 10 - MAIN ENTRY--PERSONAL NAME | |
| Personal name | Morvan, Gwladys |
| Relator term | author |
| 245 00 - TITLE STATEMENT | |
| Title | Frecuencias de exposición a los principales factores biomecánicos de riesgo de desgaste profesional en mujeres y hombres de la cohorte CONSTANCES |
| 260 ## - PUBLICATION, DISTRIBUTION, ETC. | |
| Date of publication, distribution, etc. | 2025.<br/> |
| 500 ## - GENERAL NOTE | |
| General note | 19 |
| 520 ## - SUMMARY, ETC. | |
| Summary, etc. | Introducción: Como parte de la reforma de las pensiones de 2023 en Francia, se creó un fondo para la prevención del desgaste profesional (FIPU, por sus siglas en francés) para limitar la exposición a tres criterios: la manipulación de cargas sin asistencia mecánica, las posturas incómodas y las vibraciones mecánicas. El objetivo de este estudio es identificar las familias profesionales más expuestas a estos tres criterios, así como a otro factor de riesgo biomecánico adicional (el trabajo repetitivo). Método: Los análisis se basan en datos transversales de la cohorte francesa CONSTANCES (consultores de centros de exámenes médicos). La exposición a los tres criterios del FIPU y al trabajo repetitivo se describió según las familias profesionales (FAP). Resultados: Las FAP más expuestas a al menos uno de los tres criterios del FIPU, en el caso de los hombres, son los trabajadores cualificados de la construcción (obra gruesa y obra fina: 95,8 % y 88,1 %) y los trabajadores metalúrgicos (86,0 %). Entre las mujeres, las FAP más afectadas son el personal de ayuda doméstica y de limpieza (80,3 %), las auxiliares de enfermería (79,2 %) y las auxiliares de puericultura (77,1 %). La incorporación del factor de repetitividad aumenta la proporción de trabajadores expuestos, especialmente entre las mujeres, y revela nuevas profesiones que no se obtenían con los criterios del FIPU por sí solos. Discusión: Este estudio aporta datos cuantitativos precisos sobre la exposición a factores biomecánicos de riesgo en Francia, con una diferenciación según el género. En este sentido, permite orientar mejor los factores que deben tenerse en cuenta para prevenir el desgaste profesional. |
| 700 10 - ADDED ENTRY--PERSONAL NAME | |
| Personal name | Bodin, Julie |
| Relator term | author |
| 700 10 - ADDED ENTRY--PERSONAL NAME | |
| Personal name | Major, Marie-Eve |
| Relator term | author |
| 700 10 - ADDED ENTRY--PERSONAL NAME | |
| Personal name | Fouquet, Natacha |
| Relator term | author |
| 700 10 - ADDED ENTRY--PERSONAL NAME | |
| Personal name | Bénezet, Laetitia |
| Relator term | author |
| 700 10 - ADDED ENTRY--PERSONAL NAME | |
| Personal name | Bouziri, Hanifa |
| Relator term | author |
| 700 10 - ADDED ENTRY--PERSONAL NAME | |
| Personal name | Zins, Maris |
| Relator term | author |
| 700 10 - ADDED ENTRY--PERSONAL NAME | |
| Personal name | Goldberg, Marcel |
| Relator term | author |
| 700 10 - ADDED ENTRY--PERSONAL NAME | |
| Personal name | Roquelaure, Yves |
| Relator term | author |
| 786 0# - DATA SOURCE ENTRY | |
| Note | Santé Publique | 37 | 4 | 2025-12-09 | p. 35-46 | 0995-3914 |
| 856 41 - ELECTRONIC LOCATION AND ACCESS | |
| Uniform Resource Identifier | <a href="https://stm.cairn.info/revista-sante-publique-2025-4-page-35?lang=es&redirect-ssocas=7080">https://stm.cairn.info/revista-sante-publique-2025-4-page-35?lang=es&redirect-ssocas=7080</a> |
Pas d'exemplaire disponible.




Réseaux sociaux